header

La cueva de Los Tayos (expedición japonesa); (Registro nro. 724)

Detalles MARC
000 -LEADER
campo de control de longitud fija 01758ngm a2200241Ia 4500
001 - NÚMERO DE CONTROL
campo de control CINE00679
003 - IDENTIFICADOR DE NÚMERO DE CONTROL
campo de control EcQuCN
005 - FECHA Y HORA DE LA ÚLTIMA TRANSACCIÓN
campo de control 20240205094645.0
006 - CÓDIGOS DE INFORMACIÓN DE LONGITUD FIJA--CARACTERÍSTICAS DEL MATERIAL ADICIONAL
campo de control de longitud fija a||||gr|||| 00| mz
007 - CAMPO FIJO DE DESCRIPCIÓN FÍSICA--INFORMACIÓN GENERAL
campo de control de longitud fija mc nfubzzgazauz|c201508
008 - DATOS DE LONGITUD FIJA--INFORMACIÓN GENERAL
campo de control de longitud fija 150827s ec ||||g |||| 00| mzspa d
040 ## - FUENTE DE CATALOGACIÓN
Centro catalogador/agencia de origen EcQuCN
084 ## - OTRO NÚMERO DE CLASIFICACIÓN
Número de clasificación VHSER0057.2 - DVDER259 - DVDER930.2
245 10 - MENCIÓN DEL TÍTULO
Título La cueva de Los Tayos (expedición japonesa);
260 ## - PUBLICACIÓN, DISTRIBUCIÓN, ETC.
Lugar de publicación, distribución, etc. Quito 
Nombre del editor, distribuidor, etc. Cinemateca Nacional
Fecha de publicación, distribución, etc. 1993
300 ## - DESCRIPCIÓN FÍSICA
Extensión 1H 16 minutos.
380 ## - FORMA DE LA OBRA
Forma de la obra Documental
516 ## - NOTA DE TIPO DE ARCHIVO DE ORDENADOR O DE DATOS
Nota de tipo de archivo de ordenador o de datos VHS - DVD
520 1# - RESUMEN, ETC.
Sumario, etc. Documental presentado y narrada la expedición por Alfonso Espinosa de los Monteros. Entrevista a Alfredo Egas Rivadeneira guía del grupo. Los expedicionarios japoneses iniciaron la travesía en el mes de abril 1993. El libro el oro de los dioses de Erich von Daniken de mucha popularidad les inquieta y deciden hacer el viaje. Los japoneses llegan a la comunidad de los shuaras portando equipos de filmación sofisticados para soportar el maltrato y la humedad de las cuevas. En el trayecto encuentran pasadizos con paredes estrechas, pisan terreno escabroso, aparecen arañas, sancudos, cucarachas y otros insectos desconocidos de tamaño gigante. Encuentran al ave de la noche -Los Tayos- de ojos rojos. El guía, José, de la comunidad shuar es hijo del guía que acompañó a los expedicionarios británicos, allá por el año 1975. Entre los indígenas, desde mucho tiempo atrás, se dice que en las cuevas están escondidas reliquias históricas, que allí están templos hundidos, además las cuevas por la estructura que presentan son una maravilla de la naturaleza, son un tesoro escondido. Los japoneses así lo demuestran en el documental.
522 ## - NOTA DE ÁMBITO GEOGRÁFICO
Nota de ámbito geográfico Ecuador
650 #4 - PUNTO DE ACCESO ADICIONAL DE MATERIA--TÉRMINO DE MATERIA
Término de materia o nombre geográfico como elemento de entrada ANTROPOLOGIA
942 ## - ELEMENTOS DE ENTRADA SECUNDARIOS (KOHA)
Fuente del sistema de clasificación o colocación Otra/Esquema de Clasificación Genérico
Tipo de ítem Koha Casete VHS
Existencias
Estatus Estado de pérdida Fuente del sistema de clasificación o colocación Estado de daño No para préstamo Código de colección Biblioteca de origen Biblioteca actual Fecha de adquisición Fuente de adquisición Total de préstamos Código de barras Visto por última vez Copia número Precio de reemplazo Nota no pública Signatura topográfica completa Tipo de ítem Koha
    Otra/Esquema de Clasificación Genérico     F. General Biblioteca Cinemateca Biblioteca Cinemateca 2015-08-27 Cinemateca Nacional   CN-0679 2015-08-27 Ej.1 2023-02-21 Migración VHSER0057.2 - DVDER259 - DVDER930.2 Casete VHS